000 00427nam a2200157Ia 4500
008 220216s9999 xx 000 0 und d
100 _aViegas I de J M
_cet al
245 0 _aNutrient absorption in the first 240 days of growth of Hevea spp
260 _bScientia Agricola
_c1992
300 _a41-52
650 _aHevea
650 _aMacronutrients
650 _aMicronutrients
650 _aMineral nutrition
942 _cJS
999 _c64237
_d64237